Transforming land and property services (Record no. 116199)

MARC details
000 -LEADER
fixed length control field 01643cad a22002655a 4500
001 - CONTROL NUMBER
control field L160082
008 - FIXED-LENGTH DATA ELEMENTS--GENERAL INFORMATION
fixed length control field 120529s2010 xxk g 000 0 eng d
035 ## - SYSTEM CONTROL NUMBER
System control number (Sirsi) u160082
041 0# - LANGUAGE CODE
Language code of text/sound track or separate title eng
110 ## - MAIN ENTRY--CORPORATE NAME
Corporate name or jurisdiction name as entry element Federation International Des Geometres
111 2# - MAIN ENTRY--MEETING NAME
Meeting name or jurisdiction name as entry element FIG Working Week 2010
Number [OBSOLETE] Sydney, Australia
Location of meeting 11-16 April 2010
245 00 - TITLE STATEMENT
Title Transforming land and property services
Remainder of title -Northern Ireland learns from and builds on the Australian experience
Medium [electronic resource]
260 ## - PUBLICATION, DISTRIBUTION, ETC.
Place of publication, distribution, etc. Sydney
Name of publisher, distributor, etc. FIG
Date of publication, distribution, etc. 2010
520 ## - SUMMARY, ETC.
Summary, etc. Land & Property Services (LPS) came into existence as a merged organisation on 1 April 2008. The Agency is responsible for mapping, land registration, valuation and property tax collection for Northern Ireland. The amalgamation of organisations responsible for many of these activities has taken place in Australia and the Caribbean. The paper describes LPS' progress to date, particularly focussing on the rating system and processes and, through this, brings forward lessons which will be of use in other jurisdictions.
650 24 - SUBJECT ADDED ENTRY--TOPICAL TERM
Topical term or geographic name entry element LAND REGISTRATION
650 24 - SUBJECT ADDED ENTRY--TOPICAL TERM
Topical term or geographic name entry element PROPERTY TAX
650 24 - SUBJECT ADDED ENTRY--TOPICAL TERM
Topical term or geographic name entry element Valuation
9 (RLIN) 6273
651 #4 - SUBJECT ADDED ENTRY--GEOGRAPHIC NAME
Geographic name Australia
651 #4 - SUBJECT ADDED ENTRY--GEOGRAPHIC NAME
Geographic name Northern Ireland
690 ## - LOCAL SUBJECT ADDED ENTRY--TOPICAL TERM (OCLC, RLIN)
Topical term or geographic name as entry element LAND
700 1# - ADDED ENTRY--PERSONAL NAME
Personal name Greenway, Iain
856 40 - ELECTRONIC LOCATION AND ACCESS
Uniform Resource Identifier <a href="https://www.rics.org/Global/Downloads/Transforming_Land_and_Property_Services_-_Northern_Ireland_Learns_from_and_Builds_on_the_Australian_Experience.pdf">https://www.rics.org/Global/Downloads/Transforming_Land_and_Property_Services_-_Northern_Ireland_Learns_from_and_Builds_on_the_Australian_Experience.pdf</a>
Public note View the paper free of charge at www.rics.org
856 40 - ELECTRONIC LOCATION AND ACCESS
Uniform Resource Identifier <a href="https://fig.net/resources/proceedings/fig_proceedings/fig2010/ppt/ts08b/ts08b_greenway_ppt_3949.pdf">https://fig.net/resources/proceedings/fig_proceedings/fig2010/ppt/ts08b/ts08b_greenway_ppt_3949.pdf</a>
Public note View the presentation free of charge at www.fig.net
942 ## - ADDED ENTRY ELEMENTS (KOHA)
Suppress in OPAC 0
Holdings
Withdrawn status Lost status Source of classification or shelving scheme Damaged status Not for loan Home library Current library Shelving location Date acquired Total Checkouts Full call number Barcode Date last seen Copy number Price effective from Koha item type
    Dewey Decimal Classification     Virtual Virtual Online 22/05/2018   ONLINE PUBLICATION 160082-2001 06/08/2019 1 06/08/2019 Book